| 000 | 00569naa a2200145Ia 4500 | ||
|---|---|---|---|
| 003 | ES-SlBCS | ||
| 005 | 20210601151859.0 | ||
| 008 | 140520s2000 xxu||||| |||| 00| 0 spa d | ||
| 041 | _aspa | ||
| 100 | 1 |
_aChao Rego, Xosé _94373 |
|
| 245 | 0 | 0 |
_aAmálisis de la Aldea global: mundialización y globalización _cXosé Chao Rego |
| 650 | 4 |
_aGlobalización _993799 |
|
| 773 | 0 |
_tJusticia y solidaridad, semillas de esperanza : IX Congreso de Justicia y Paz / José Antonio Lobo Alonso _dMadrid : Colectivo Verapaz, 2000 _g, págs. 17-60 _z84-8260-087-7 _wVA48366 |
|
| 942 | _cAC | ||
| 999 |
_c765543 _d765543 |
||